| 000 | 00474nam a2200157 i 4500 | ||
|---|---|---|---|
| 001 | 58401 | ||
| 003 | ES-MaACL | ||
| 005 | 20230906163812.0 | ||
| 007 | t| | ||
| 008 | 031022s1945 ag ||||1| spa d | ||
| 100 | 1 |
_aDufresne, Jean. _945918 |
|
| 245 | 1 | 4 |
_aLos estilos en el ballet _b: con bibliografía especializada / _cJean Dufresne. |
| 260 |
_aBuenos Aires : _bAnaquel, _c1945 ( _fSaturno) |
||
| 300 |
_a190 p., 16 lám. ; _c30 cm. |
||
| 852 |
_aES-MaACL _jD-7037 _bR.27313 |
||
| 999 |
_c58401 _d58401 |
||